00000000nam##2200000za#4500
0019.667362
003CaOODSP
00520210615123454
007ta
008150407|2006||||xxc|||||     f|0| 0 fre|d
020 |a0-662-49010-X
040 |aCaOODSP|bfre
041 |aeng
041 |afre
043 |an-cn---
0861 |aH128-1/06-465
1101 |aCanada. |bSanté Canada.|bDirection générale de la santé environnementale et de la sécurité des consommateurs.
24510|aLes piles - pour les utiliser en toute sécurité
260 |aOttawa - Ontario : |bSanté Canada. |c2006.
300 |aTexte français, [1]p. : |bill. en couleur ; |c27 cm.
500 |a«pour plus d'information communiquez avec la Sécurité des produits de Santé Canada: 1-866-662-0666»
563 |aDépliant
590 |a06-38|b2006-09-22
69107|aSécurité de l'enfant|2gcpds
7760#|tLes piles - pour les utiliser en toute sécurité |w(CaOODSP)9.633246
7760#|tBatteries - use them safely |w(CaOODSP)9.688827
791 |tBatteries - use them safely |eeng|w(CaOODSP)9.667361
986 |aHC Pub.: 4138